Normal view
MARC view
Entry Personal Name
001 - CONTROL NUMBER
- control field: 26669
003 - CONTROL NUMBER IDENTIFIER
- control field: Doon University
005 - DATE AND TIME OF LATEST TRANSACTION
- control field: 20260421125323.0
008 - FIXED-LENGTH DATA ELEMENTS
- fixed length control field: 260421|| aca||aabn | a|a d
040 ## - CATALOGING SOURCE
- Original cataloging agency: Doon University
- Transcribing agency: Doon University
100 ## - HEADING--PERSONAL NAME
- Personal name: Maharaj, Bharati Krssna
670 ## - SOURCE DATA FOUND
- Source citation: Work cat.: (Doon University)60666: Maharaj, Bharati Krssna , Vedik Mathematics , 2022